Dimensions of spaces of Siegel cusp forms of degree two and three
Αποθηκεύτηκε σε:
| Κύριος συγγραφέας: | |
|---|---|
| Μορφή: | Βιβλίο |
| Γλώσσα: | English |
| Δημοσίευση: |
Providence, R.I., USA :
American Mathematical Society,
[1984]
|
| Σειρά: | Memoirs of the American Mathematical Society ;
; 304 |
| Θέματα: | |
| Ετικέτες: |
Προσθήκη ετικέτας
Δεν υπάρχουν, Καταχωρήστε ετικέτα πρώτοι!
|
MARC
| LEADER | 00000cam a2200000 i 4500 | ||
|---|---|---|---|
| 001 | 1/49989 | ||
| 008 | 941103s1984 eng d | ||
| 020 | |a 0821823051 | ||
| 035 | |l 10043761 | ||
| 040 | |a GR-MY-UA |b gre |e aacr | ||
| 041 | 0 | |a eng | |
| 082 | 0 | |a 512.72 |2 (19) | |
| 100 | 1 | |a Eie, Minking |d 1952- | |
| 245 | 1 | 0 | |a Dimensions of spaces of Siegel cusp forms of degree two and three / |c Minking Eie |
| 246 | 3 | 3 | |a Siegel cusp forms of degree two and three |
| 260 | |a Providence, R.I., USA : |b American Mathematical Society, |c [1984] | ||
| 300 | |a vi, 184 p.; |c 26 cm | ||
| 490 | 1 | |a Memoirs of the American Mathematical Society |v ; 304 | |
| 500 | |a "July 1984." | ||
| 500 | |a "Volume 50, number 304 (first of 3 numbers)" | ||
| 504 | |a Bibliography: p. 182-184 | ||
| 650 | 0 | 0 | |a Cusp forms (Mathematics) |
| 650 | 0 | 0 | |a Selberg trace formula. |
| 650 | 0 | 0 | |a Integrals. |
| 830 | 0 | |a Memoirs of the American Mathematical Society ; |v ; 304 | |
| 852 | |a INST |b SAMOS |e 19941103 |h 512.72 EIE |p 005300007541 |q 005300007541 |t BK |y 0 | ||
| 909 | |a Σ |b 033628 | ||